Größte Städte in Polen • A-Z - Statistiken

Allgemein
  • Dieses Quiz wurde 278 mal gespielt
  • Das Durchschnittsergebnis liegt bei 8 aus 22
Antwortstatistiken
# Pop Stadt % Korrekt
W 1,753,977 Warschau
98%
K 765,320 Krakau
88%
D 121,802 Danzig
86%
P 540,372 Posen
75%
B 640.663 Breslau
74%
L 696,503 Łodz
73%
S 404,878 Stettin
69%
O 129.554 Oppeln
34%
G 250.171 Gdingen
28%
A 164.882 Allenstein
24%
R 215,020 Radom
23%
E 121,191 Elbing
20%
H 203.524 Hindenburg
16%
T 259.556 Tschenstochau
15%
Z 64.279 Zamość
6%
C 68.023 Chełm
4%
F 2,415 Frauenburg
4%
U 15,973 Ustka
4%
J 96,600 Jaworzno
3%
N 84,468 Neu Sandez
3%
M 74,912 Myslowitz
2%
I 75,681 Inowrazlaw
0%
Keine übereinstimmenden Quizze gefunden
Verteilung der Resultate
Anzahl Personen mit jedem Resultat
Perzentil nach korrekt beantworteten Fragen
Ihre Resultats-Entwicklung
Sie haben dieses Quiz noch nicht gespielt